000
00258nam a2200109Ia 4500
008
190911s9999||||xx |||||||||||||| ||und||
100
_a
Khawja Amjad Saeed
245
0
_a
Economy Of Pakistan
260
_a
Lahore
_b
Royal Book
_c
2003
300
_a
607
942
_c
BK
999
_c
6875
_d
6875